000 00388pab a2200157 454500
008 180718b2000 xxu||||| |||| 00| 0 eng d
100 _aAhuja, Malvinder
245 _aImplementing masterly learning strategies: tasks of a teacher
260 _c2000
300 _ap.3-7
362 _a29 May
650 _aTeachers
650 _aTeaching
773 _aUniversity News
909 _a44973
999 _c44973
_d44973